| 000 | 00532nam a2200217Ia 4500 | ||
|---|---|---|---|
| 003 | OSt | ||
| 005 | 20230429105737.0 | ||
| 008 | 210423s2014 xx 000 0 und d | ||
| 020 | _a978-1-4472-8199-3 | ||
| 040 | _cAL | ||
| 041 | _aeng | ||
| 082 |
_a823.914 _223 _bFOLE |
||
| 100 |
_aFOLLET (KEN) _995092 |
||
| 245 | _aEdge of eternity | ||
| 260 |
_aLondon _bMacmillan and Company _c2014 |
||
| 300 |
_axi,1000 _bPB |
||
| 365 |
_b499 _cINR |
||
| 650 |
_aEnglish Fiction _995093 |
||
| 906 | _aEdge ; eternity | ||
| 942 |
_2ddc _cBK |
||
| 999 |
_c170471 _d170471 |
||